| 000 | 01142nam a2200337 a 4500 | ||
|---|---|---|---|
| 001 | 000114204 | ||
| 003 | CHAP | ||
| 005 | 20220329144431.0 | ||
| 008 | 171117s2015 mx | |r| |||0|||spa d | ||
| 010 | _a110665 | ||
| 011 | _a111637 | ||
| 020 | _a9780692626276 | ||
| 040 | _cCHAP | ||
| 082 | 4 |
_a370.71240972 _bM76 |
|
| 245 | 0 |
_aInforme sobre las ciencias sociales en México / _ccoordinado por Oscar F. Contreras Montellano y Cristina Púga Espínoza. |
|
| 260 |
_aMéxico : _bLos Reyes, _c2015. |
||
| 300 |
_a304p. : _bcuadros y gráficas. |
||
| 590 |
_aE6339RRR _b05 _c20171117 _lUCH01 _h1213 |
||
| 590 |
_aE6339RRR _b05 _c20171117 _lUCH01 _h1319 |
||
| 590 |
_aE6339RRR _b05 _c20171117 _lUCH01 _h1336 |
||
| 590 |
_aE6339RRR _b05 _c20171117 _lUCH01 _h1408 |
||
| 650 | 1 | 4 |
_aCiencias sociales _xEstadísticas. _923221 |
| 650 | 1 | 4 |
_aMaestros _xEducación superior _xCapacitación. _9132114 |
| 650 | 1 | 4 |
_aMaestros _xFormación de. _969756 |
| 650 | 1 | 4 |
_aMaestros _zMéxico. _969759 |
| 700 | 1 |
_aContreras Montellano, Oscar F. _ecoord. _9134110 |
|
| 700 | 1 |
_aPuga Espinoza, Cristina _ecoord. _9134111 |
|
| 901 | _aBK | ||
| 942 | _cLIBRO | ||
| 942 | _n0 | ||
| 999 |
_c110665 _d110665 |
||